| 000 | 00464nam a2200193Ia 4500 | ||
|---|---|---|---|
| 003 | OSt | ||
| 005 | 20260502103339.0 | ||
| 008 | 210210b1964 xxu||||| |||| 00| 0 eng d | ||
| 040 | _cAL | ||
| 041 | _aeng | ||
| 082 | _a820.33 MALB | ||
| 100 |
_aManohar Malgonkar _9263219 |
||
| 245 | _aBend in the ganges | ||
| 260 |
_aNew Delhi _bAn Orient Paperback _c1964 |
||
| 300 | _a382p | ||
| 690 |
_aIndian English Fiction _9263220 |
||
| 906 | _a041745 | ||
| 942 |
_2ddc _cBK |
||
| 999 |
_c91449 _d91449 |
||